000
00310nam a2200109Ia 4500
008
171204s9999 xx 000 0 und d
245
_a
Excel 2016 Programming Pocket Primer:
245
_c
Julitta Korol
260
_c
2016
650
_x
Programming 1-2
856
_u
http://down.ebook777.com/047/9781942270829.pdf
999
_c
345944
_d
345944